Japanese Prefectures by Shape - Statistics

General Stats
  • This quiz has been taken 115 times
  • The average score is 4 of 10
Answer Stats
Picture Answer % Correct
hokkaido
100%
ishikawa
100%
niigata
90%
fukui
64%
saitama
60%
tochigi
60%
chiba
57%
kanagawa
57%
kochi
57%
kumamoto
57%
aomori
56%
aichi
50%
gifu
50%
iwate
50%
nagano
50%
nagasaki
50%
shizuoka
50%
tokyo
50%
toyama
50%
osaka
44%
ibaraki
40%
kagoshima
40%
kyoto
40%
shimane
40%
kagawa
38%
okinawa
38%
yamanashi
38%
gunma
33%
miyagi
33%
okayama
33%
shiga
33%
hiroshima
30%
mie
29%
ehime
27%
akita
25%
oita
25%
nara
17%
yamaguchi
17%
fukuoka
14%
tottori
14%
wakayama
14%
yamagata
14%
fukushima
13%
hyogo
13%
miyazaki
11%
saga
0%
tokushima
0%
No matching quizzes found
Score Distribution
Percent of People with Each Score
Percentile by Number Answered
Your Score History
You have not taken this quiz